00545nam a2200145Ia 4500008004100000024003000041082001900071100003600090245006200126260002500188600002100213650003800234952011000272999001700382250506s9999 xx 000 0 und d a10B-71-BS & 10B-54-BS a004.165072 ABD aAbdul Baqui Khan & Rahid Sajjad 0aProblems of Objects Collision in Android Game Programming aKarachi:bUIT,c2010 aComputer Science aBachelor of Computer Science (BS) 001040708PR-CSaUITUbUITUd2022-07-26l0o004.165072 ABDpBS-533r2025-05-06 11:34:38w2025-05-06yPR c28791d28791